[Event "Dresden Vdes op"]
[Site "Dresden"]
[Date "2000.01.28"]
[Round "5"]
[White "Burian, Ludvik"]
[Black "Kibowski, Michael"]
[Result "1/2-1/2"]
[WhiteElo "1792"]
[BlackElo "1392"]
[PlyCount "130"]
[EventDate "2000.01.26"]
[EventType "swiss"]
[EventRounds "7"]
[EventCountry "GER"]
[SourceTitle "EXT 2001"]
[Source "ChessBase"]
[SourceDate "2000.11.22"]
[SourceVersion "1"]
[SourceVersionDate "2000.11.22"]
[SourceQuality "1"]

1. d4 Nf6 2. c4 e6 3. Nc3 b6 4. e4 Bb7 5. Bg5 Bb4 6. e5 h6 7. Bh4 g5 8. Bg3 Bxc3+ 9. bxc3 Ne4 10. Ne2 Nc6 11. f3 Nxg3 12. Nxg3 f5 13. Nh5 Qe7 14. Nf6+ Kd8 15. h4 Qg7 16. hxg5 hxg5 17. Rg1 Kc8 18. Qe2 Ne7 19. 0-0-0 Ng8 20. Nxg8 Qxg8 21. g4 f4 22. Bg2 Ba6 23. Rh1 Rxh1 24. Rxh1 Kb7 25. Qe4+ c6 26. Bf1 Kc7 27. Bd3 Bb7 28. Qe2 Qf8 29. Rh7 Qa3+ 30. Qb2 Qxb2+ 31. Kxb2 Rg8 32. c5 b5 33. c4 a6 34. Kc3 Kd8 35. Kb4 Kc7 36. cxb5 cxb5 37. Be2 Kc6 38. Bd3 Kc7 39. Rh3 Ra8 40. Ka5 Bd5 41. a3 Kc6 42. Rh5 Bxf3 43. Rxg5 Kd5 44. Rg7 Kxd4 45. Rxd7+ Kxe5 46. g5 Bc6 47. Rc7 Bd5 48. g6 Kd4 49. Bf1 e5 50. Rd7 Kxc5 51. g7 Kc6 52. Bh3 e4 53. Re7 f3 54. Be6 Kd6 55. Bxd5 Kxd5 56. Rf7 Rg8 57. Kxa6 e3 58. Rxf3 e2 59. Re3 Kc6 60. Re6+ Kc5 61. Rxe2 Rxg7 62. Re5+ Kc6 63. Rxb5 Rg8 64. Ka5 Ra8+ 65. Kb4 Rxa3 1/2-1/2

[Event "Dresden Vdes op"]
[Site "Dresden"]
[Date "2000.01.27"]
[Round "3"]
[White "Gradl, Rudolf"]
[Black "Kibowski, Michael"]
[Result "1-0"]
[WhiteElo "1716"]
[BlackElo "1392"]
[PlyCount "67"]
[EventDate "2000.01.26"]
[EventType "swiss"]
[EventRounds "7"]
[EventCountry "GER"]
[SourceTitle "EXT 2001"]
[Source "ChessBase"]
[SourceDate "2000.11.22"]
[SourceVersion "1"]
[SourceVersionDate "2000.11.22"]
[SourceQuality "1"]

1. d4 d5 2. Nf3 c5 3. c3 Nc6 4. Bf4 Nf6 5. e3 c4 6. Nbd2 Bf5 7. b3 b5 8. a4 a6 9. axb5 axb5 10. b4 h6 11. Be2 e6 12. 0-0 Bd6 13. Rxa8 Qxa8 14. Bxd6 Nd7 15. Qa1 Qb7 16. Qa2 Nb6 17. Bd1 Bh7 18. Re1 f5 19. Bc2 Ne7 20. Bc5 0-0 21. Bxb6 Qxb6 22. Ra1 Nc8 23. Ne5 Qd8 24. Qa5 Qe8 25. Qc7 Qe7 26. Qxe7 Nxe7 27. Ndf3 Kh8 28. Ra7 Nc8 29. Ra5 Nd6 30. Nd7 Rc8 31. Nfe5 Bg8 32. Ng6+ Kh7 33. Ndf8+ Rxf8 34. Nxf8+ 1-0